000 00839nam a22002537a 4500
003 OSt
005 20140310181924.0
008 130719t xxu||||| |||| 00| 0 eng d
050 _aLB 1139.35
_b.F632 2012
082 _aTR 612
_bF632 2012
100 _aFlora, Sherrill B.
_92099
245 _aFine motor projects /
_cby Sherrill B. Flora ; illustrated by Julie Anderson.
260 _aGreensboro, NC :
_bKey Education,
_cc2012.
300 _a96 p. ;
_bill. ;
_c28 cm.
521 _aFaculty
541 _j1
562 _e1
650 _aMotor ability
_92124
650 _aPerceptual-motor learning
_xStudy and teaching (Primary)
_xActivity programs
_92125
650 _aCreative activities and seat work
_9422
650 _aActivity programs in education
_9196
700 _aFlora, Sherrill B.
_92100
942 _2lcc
_cBK-TR
_kTR
999 _c7118
_d7118